Klasickí a alternatívni dodávatelia energií na Slovenskom trhu bakalárska práca

Uložené v:
Podrobná bibliografia
Hlavný autor: Neupauerová, Simona
Korporativný autor: Podnikovohospodárska fakulta EU so sídlom v Košiciach. Katedra marketingu a obchodu
Ďalší autori: Naščáková, Jana
Médium: Kniha
Jazyk:Slovak
Vydavateľské údaje: Košice 2012
Tagy: Pridať tag
Žiadne tagy, Buďte prvý, kto otaguje tento záznam!

MARC

LEADER 00000nbm a2200000 4500
001 0155536
005 20161109111858.5
041 0 |a slo 
044 |a SK 
245 1 0 |a Klasickí a alternatívni dodávatelia energií na Slovenskom trhu  |b bakalárska práca  |c Simona Neupauerová ; školiteľ: Jana Naščáková 
264 1 |a Košice  |c 2012 
300 |a 51 s. 
100 1 |a Neupauerová, Simona 
700 1 |a Naščáková, Jana 
710 2 |a Podnikovohospodárska fakulta EU so sídlom v Košiciach. Katedra marketingu a obchodu